000 00715nam a22002531 4500
001 35977
003 BD-RjUL
005 20211209052419.0
008 140612s1956 enk 000 0 eng d
035 _a(BD-RjUL)36074
035 _a(OCoLC)1679250
040 _aDLC
_cFM
_dUk
_dDLC
_dBD-RjUL
_beng
041 _aeng
082 0 0 _a301.09
_bVII 1958
100 1 _aVine Wilson
_q(John Wiedhofft)
_9109520
245 0 0 _aAn Introduction to Sociological Theory :
_cVine Wilson
260 _aNew York :
_bClarendon Press,
_c1958
300 _avi ,348 p. ;
_c20 cm.
504 _aBibliographical footnotes.
650 _aSociology History
_9109537
942 _2ddc
_cBK
999 _c35977
_d35977